Państwa graniczące z Arabią Saudyjską - Statystyki

Ogólne statystyki
  • Ten quiz został rozwiązany 27 razy
  • Średni wynik to 7 z 7
Statystyki odpowiedzi
odpowiedź % Poprawnych
Oman
100%
Zjednoczone EmiratyArabskie
100%
Irak
95%
Jemen
95%
Katar
95%
Kuwejt
90%
Jordania
86%
Nie znaleziono quizów pasujących do podanych kryteriów
Rozkład punktacji
Procent ludzi z każdym wynikiem
Percentyl według liczby udzielonych odpowiedzi
Twoja historia wyników
Nie rozwiązałeś tego quizu